banner-ar

عن طريق الخداع: صورة مروعة للموساد من الداخل / (Record no. 28713)

MARC details
000 -الفاتح
حقل البيانات ثابتة الطول 00824nam a2200253Ia 4500
008 - عناصر البيانات ثابتة الطول - معلومات عامة
حقل البيانات ثابتة الطول 140319s9999 xx 000 0 ara d
040 ## - مصدر الفهرسة
وكالة الفهرسة الأصلية GCL /
وكالة النسخ GCL
082 04 - رقم تصنيف ديوى العشرى
رقم التصنيف 327.11
رقم المادة ا ع
100 1# - المدخل الرئيسى - إسم شخصى
الإسم الشخصى اوستروفسكى , فيكتور
245 10 - بيان العنوان
العنوان عن طريق الخداع: صورة مروعة للموساد من الداخل /
بيان المسئوليه,etc اوستروفسكى , فيكتور
700 1# - المدخل الاضافى - اسم شخصى
الإسم الشخصى هوى، كلير
700 1# - المدخل الاضافى - اسم شخصى
الإسم الشخصى هشام عبدالله
700 1# - المدخل الاضافى - اسم شخصى
الإسم الشخصى ماهر الكيالى
700 1# - المدخل الاضافى - اسم شخصى
الإسم الشخصى جورج ضورى
260 ## - PUBLICATION, DISTRIBUTION, ETC. (IMPRINT)
تاريخ النشر أو التوزيع 1990
300 ## - الوصف المادى
التعداد 311 ص
490 ## - بيان السلسلة
عنوان السلسلة
650 04 - المدخل الاضافى بالموضوع-مصطلح موضوعى
مصطلح موضوعي المخابرات
650 04 - المدخل الاضافى بالموضوع-مصطلح موضوعى
مصطلح موضوعي اسرائيل
650 04 - المدخل الاضافى بالموضوع-مصطلح موضوعى
مصطلح موضوعي التخريب والتدمير
650 04 - المدخل الاضافى بالموضوع-مصطلح موضوعى
مصطلح موضوعي الموساد
942 ## - عناصر المدخل الإضافي( كوها)
مصدر التصنيف او مخطط الترفيف Dewey Decimal Classification
Koha [default] item type كتاب
260 ## - PUBLICATION, DISTRIBUTION, ETC. (IMPRINT)
-- [S.N] :
-- المؤسسة العربية للدراسات والنشر ،
Holdings
حالة التراجع حالة الفقد حالة تلف ليس للاعارة المكان المؤقت الموقع الحالى تاريخ الاكتساب اجمالي اﻻعارات رقم الطلب الباركود تاريخ اخر مشاهدة تاريخ تفعيل السعر نوع وعاء كوها
        مكتبة القاهرة الكبرى مكتبة القاهرة الكبرى 03/26/2014   327.11\ا ع 65511 03/26/2014 03/26/2014 كتاب

Powered By

EGPV